東京駅から出ている最も多い行き先 - Statistics

General Stats
  • This quiz has been taken 688 times
  • The average score is 9 of 14
Answer Stats
Question Answer % Correct
東海道新幹線 新大阪
92%
上越新幹線 新潟
88%
丸ノ内線(B線) 池袋
86%
京浜東北線・根岸線 (北行) 大宮
82%
中央線快速 高尾
81%
京葉線 蘇我
81%
京浜東北線・根岸線 (南行) 大船
81%
丸ノ内線(A線) 荻窪
77%
総武線快速 千葉
74%
東北新幹線 仙台
60%
常磐線(上野東京ライン) 土浦
45%
宇都宮線・高崎線(上野東京ライン) 高崎
41%
横須賀線 久里浜
25%
東海道線(上野東京ライン) 品川
12%
No matching quizzes found
Score Distribution
Percent of People with Each Score
Percentile by Number Answered
Your Score History
You have not taken this quiz